[Event "NOR-ch Class1"]
[Site "Oslo"]
[Date "2015.07.04"]
[Round "4"]
[White "Pedersen, Oyvind"]
[Black "Erikstad, Olav Age"]
[Result "1-0"]
[WhiteElo "1904"]
[BlackElo "1764"]
[PlyCount "79"]
[EventDate "2015.07.04"]
[EventType "swiss"]
[EventRounds "9"]
[EventCountry "NOR"]
[SourceTitle "EXT 2017"]
[Source "ChessBase"]
[SourceDate "2016.10.25"]
[SourceVersion "1"]
[SourceVersionDate "2016.10.25"]
[SourceQuality "1"]

1. e4 c6 2. c4 g6 3. d4 Bg7 4. Nf3 d5 5. cxd5 cxd5 6. e5 h5 7. Nc3 Bg4 8. Be2 Nc6 9. Be3 Nh6 10. Qb3 e6 11. Qxb7 Qc8 12. Ba6 Ne7 13. Nb5 Qxb7 14. Bxb7 Rb8 15. Nd6+ Kf8 16. Rc1 Bxf3 17. gxf3 Nhf5 18. Nxf5 Nxf5 19. Rc7 Nxe3 20. fxe3 Bh6 21. Ke2 Bg5 22. Rc8+ Kg7 23. Rc7 Bd8 24. Rd7 Kf8 25. b3 Ke8 26. Bc6 Kf8 27. Rxa7 Bb6 28. Rb7 Kg7 29. Rc1 Rxb7 30. Bxb7 Rb8 31. Bc6 Rc8 32. b4 Rc7 33. a4 f5 34. a5 Ba7 35. b5 Rf7 36. b6 Bb8 37. a6 g5 38. Be8 Re7 39. Rc8 Ba7 40. Rc7 1-0

[Event "NOR-chB"]
[Site "Lillehammer"]
[Date "2013.07.04"]
[Round "7"]
[White "Pedersen, Oyvind"]
[Black "Gronnestad, Anita"]
[Result "0-1"]
[WhiteElo "2110"]
[BlackElo "1988"]
[PlyCount "64"]
[EventDate "2013.06.29"]
[EventType "swiss"]
[EventRounds "9"]
[EventCountry "NOR"]
[SourceTitle "EXT 2014"]
[Source "ChessBase"]
[SourceDate "2013.11.20"]
[SourceVersion "1"]
[SourceVersionDate "2013.11.20"]
[SourceQuality "1"]

1. e4 c5 2. c3 e6 3. d4 d5 4. exd5 exd5 5. Nf3 Nc6 6. Bd3 Nf6 7. 0-0 cxd4 8. cxd4 Be7 9. Nc3 0-0 10. h3 Re8 11. Qb3 Na5 12. Qc2 Nc6 13. a3 Be6 14. Be3 h6 15. Rac1 Rc8 16. Qe2 Bd6 17. Bb1 Ne7 18. Nh4 Qd7 19. Qd3 g5 20. Nf3 Bf5 21. Qd2 Bxb1 22. Rxb1 Ne4 23. Nxe4 dxe4 24. Nh2 Bxh2+ 25. Kxh2 Nf5 26. Rbc1 Rxc1 27. Rxc1 Re6 28. Qc3 Rc6 29. Qd2 Nxe3 30. Re1 Nf5 31. Rxe4 Qc7+ 32. g3 Kg7 0-1

[Event "Tromsoe GP"]
[Site "Tromsoe"]
[Date "2012.03.25"]
[Round "4"]
[White "Mikalsen, Odd Erling"]
[Black "Pedersen, Oyvind"]
[Result "0-1"]
[WhiteElo "1981"]
[BlackElo "2134"]
[PlyCount "138"]
[EventDate "2012.03.23"]
[EventType "swiss"]
[EventRounds "5"]
[EventCountry "NOR"]
[SourceTitle "EXT 2024"]
[Source "ChessBase"]
[SourceDate "2023.10.10"]
[SourceVersion "1"]
[SourceVersionDate "2023.10.10"]
[SourceQuality "1"]

1. c4 e5 2. Nc3 d6 3. g3 f5 4. Bg2 Nf6 5. d3 Be7 6. Bg5 c6 7. Nf3 0-0 8. Qb3 Nbd7 9. Qc2 Kh8 10. h4 Qc7 11. Rc1 d5 12. cxd5 cxd5 13. Qd2 Qa5 14. d4 e4 15. Ne5 Bd6 16. Bxf6 Nxf6 17. Nxe4 Bb4 18. Nc3 Ne4 19. Bxe4 fxe4 20. a3 Bxc3 21. Qxc3 Qb6 22. Qc5 Qf6 23. 0-0 Bh3 24. Qxd5 Bxf1 25. Rxf1 e3 26. Nd7 exf2+ 27. Kg2 Qd8 28. Rxf2 Rxf2+ 29. Kxf2 Rc8 30. e4 Rc7 31. Nc5 Qxd5 32. exd5 Kg8 33. d6 Rf7+ 34. Ke3 Kf8 35. Ke4 b6 36. Ne6+ Ke8 37. Ke5 Kd7 38. b4 Rf3 39. Nxg7 Rxg3 40. Nh5 Rxa3 41. Nf6+ Kd8 42. Nxh7 Rh3 43. Nf6 Rxh4 44. Kd5 Rf4 45. Ne4 Kd7 46. Ke5 Rf1 47. Kd5 Rf5+ 48. Kc4 Kc6 49. Kd3 Rf3+ 50. Kc2 Re3 51. d5+ Kd7 52. Nc3 Kxd6 53. Nb5+ Kxd5 54. Nxa7 Kc4 55. b5 Ra3 56. Nc8 Kxb5 57. Nd6+ Kc5 58. Ne4+ Kd4 59. Nd6 Rh3 60. Nb5+ Kc5 61. Nc3 Kc4 62. Na4 Rh2+ 63. Kc1 b5 64. Nb2+ Kc3 65. Nd1+ Kb3 66. Ne3 b4 67. Ng4 Rh1+ 68. Kd2 Ka2 69. Ne3 b3 0-1

[Event "Tromsoe GP"]
[Site "Tromsoe"]
[Date "2012.03.23"]
[Round "1"]
[White "Machlik, Edit"]
[Black "Pedersen, Oyvind"]
[Result "1/2-1/2"]
[WhiteElo "1801"]
[BlackElo "2134"]
[PlyCount "56"]
[EventDate "2012.03.23"]
[EventType "swiss"]
[EventRounds "5"]
[EventCountry "NOR"]
[SourceTitle "EXT 2024"]
[Source "ChessBase"]
[SourceDate "2023.10.10"]
[SourceVersion "1"]
[SourceVersionDate "2023.10.10"]
[SourceQuality "1"]

1. e4 c5 2. Nf3 d6 3. d4 cxd4 4. Nxd4 Nf6 5. Nc3 e6 6. f3 Nc6 7. Be3 Be7 8. Qd2 a6 9. g4 Qc7 10. 0-0-0 0-0 11. h4 b5 12. h5 b4 13. Nce2 Bb7 14. g5 Nd7 15. g6 Nc5 16. Bh3 Bc8 17. gxh7+ Kxh7 18. Rdg1 Bf6 19. Bg5 Nxd4 20. Nxd4 Bxd4 21. Qxd4 e5 22. Qc4 Bxh3 23. Rxh3 Rac8 24. Rhg3 Ne6 25. Qxc7 Rxc7 26. Be3 Rfc8 27. R3g2 Rc6 28. Rd1 R8c7 1/2-1/2

[Event "Tromsoe Nordlyssjakken op"]
[Site "Tromsoe"]
[Date "2010.03.04"]
[Round "5"]
[White "Hanssen, Gunnar Berg"]
[Black "Pedersen, Oyvind"]
[Result "1/2-1/2"]
[WhiteElo "2185"]
[BlackElo "2119"]
[PlyCount "52"]
[EventDate "2010.03.04"]
[EventType "swiss"]
[EventRounds "5"]
[EventCountry "NOR"]
[SourceTitle "EXT 2012"]
[Source "ChessBase"]
[SourceDate "2011.11.24"]
[SourceVersion "1"]
[SourceVersionDate "2011.11.24"]
[SourceQuality "1"]

1. Nf3 Nf6 2. c4 c5 3. g3 g6 4. Bg2 Bg7 5. 0-0 0-0 6. d4 cxd4 7. Nxd4 Nc6 8. Nc3 Nxd4 9. Qxd4 d6 10. Qd3 Rb8 11. Rd1 Bf5 12. e4 Bg4 13. f3 Be6 14. Be3 Rc8 15. b3 a6 16. Bd4 Nd7 17. Bxg7 Kxg7 18. Kh1 Qa5 19. Rac1 Qh5 20. Nd5 Bxd5 21. cxd5 Qe5 22. Bh3 Nc5 23. Qd4 Qxd4 24. Rxd4 Nxb3 25. Bxc8 Nxc1 26. Bxb7 Nxa2 1/2-1/2

[Event "Tromsoe Nordlyssjakken op"]
[Site "Tromsoe"]
[Date "2010.03.04"]
[Round "4"]
[White "Mikalsen, Erlend"]
[Black "Pedersen, Oyvind"]
[Result "0-1"]
[WhiteElo "1977"]
[BlackElo "2119"]
[PlyCount "84"]
[EventDate "2010.03.04"]
[EventType "swiss"]
[EventRounds "5"]
[EventCountry "NOR"]
[SourceTitle "EXT 2012"]
[Source "ChessBase"]
[SourceDate "2011.11.24"]
[SourceVersion "1"]
[SourceVersionDate "2011.11.24"]
[SourceQuality "1"]

1. e4 c5 2. Nc3 d6 3. Nf3 Nf6 4. d4 cxd4 5. Nxd4 e6 6. Bc4 Be7 7. Qe2 Nc6 8. Be3 0-0 9. 0-0-0 a6 10. f4 Qc7 11. Bb3 b5 12. f5 Na5 13. Bf2 Nxb3+ 14. axb3 b4 15. Na4 a5 16. g4 Ba6 17. Qf3 Rac8 18. Rd2 e5 19. Ne2 d5 20. exd5 Nxd5 21. h4 Bb7 22. Qh3 Nf6 23. Bb6 Qc6 24. Ng3 Nd5 25. Ba7 Qa6 26. Bf2 Nf4 27. Qf1 Qxf1+ 28. Rxf1 Bxh4 29. Nc5 Bg2 30. Re1 Nh3 31. Nce4 Nxf2 32. Rxf2 Bxe4 33. Nxe4 Bxf2 34. Nxf2 f6 35. g5 fxg5 36. Rxe5 g6 37. Ng4 gxf5 38. Nh6+ Kg7 39. Nxf5+ Kg6 40. Nd6 Rcd8 41. Rd5 Rf1+ 42. Kd2 Rf6 0-1

[Event "Tromsoe Nordlyssjakken op"]
[Site "Tromsoe"]
[Date "2010.03.04"]
[Round "2"]
[White "Nilsen, Joachim Birger"]
[Black "Pedersen, Oyvind"]
[Result "1-0"]
[WhiteElo "2158"]
[BlackElo "2119"]
[PlyCount "49"]
[EventDate "2010.03.04"]
[EventType "swiss"]
[EventRounds "5"]
[EventCountry "NOR"]
[SourceTitle "EXT 2012"]
[Source "ChessBase"]
[SourceDate "2011.11.24"]
[SourceVersion "1"]
[SourceVersionDate "2011.11.24"]
[SourceQuality "1"]

1. e4 c5 2. Nf3 d6 3. d4 cxd4 4. Nxd4 Nf6 5. Nc3 e6 6. Bg5 a6 7. f4 Nc6 8. Qd2 Be7 9. 0-0-0 Qc7 10. Be2 Bd7 11. Rhf1 0-0 12. g4 b5 13. Nxc6 Bxc6 14. Bxf6 Bxf6 15. g5 Bxc3 16. Qxc3 Rac8 17. Bd3 a5 18. f5 Qb7 19. Qd4 Rfd8 20. fxe6 fxe6 21. e5 dxe5 22. Qxe5 Bd5 23. g6 hxg6 24. Bxg6 Rf8 25. Qh5 1-0

[Event "Tromsoe Nordlyssjakken op"]
[Site "Tromsoe"]
[Date "2010.03.04"]
[Round "1"]
[White "Pedersen, Oyvind"]
[Black "Forsaa, Elise"]
[Result "1-0"]
[WhiteElo "2119"]
[BlackElo "1692"]
[PlyCount "73"]
[EventDate "2010.03.04"]
[EventType "swiss"]
[EventRounds "5"]
[EventCountry "NOR"]
[SourceTitle "EXT 2012"]
[Source "ChessBase"]
[SourceDate "2011.11.24"]
[SourceVersion "1"]
[SourceVersionDate "2011.11.24"]
[SourceQuality "1"]

1. e4 c5 2. c3 e6 3. d4 cxd4 4. cxd4 Nf6 5. Nc3 a6 6. e5 Nd5 7. Nxd5 exd5 8. Qb3 Be7 9. Qxd5 0-0 10. Nf3 Nc6 11. Bc4 Nb4 12. Qe4 d5 13. exd6 Qxd6 14. 0-0 Bf6 15. Ng5 Bxg5 16. Bxg5 Qg6 17. Qxg6 hxg6 18. Be7 b5 19. Bxb4 bxc4 20. Bxf8 Kxf8 21. Rfd1 Bf5 22. Rac1 Rc8 23. Rc3 Ke7 24. b3 cxb3 25. Rxc8 Bxc8 26. axb3 Bf5 27. Ra1 Bd3 28. f4 Kd6 29. Kf2 Kd5 30. Ke3 Bb5 31. Rc1 Kd6 32. Rc8 Ke6 33. Rg8 Kf6 34. d5 Bf1 35. g3 Bg2 36. Kd4 Bf1 37. Kc5 1-0

[Event "Tromsoe CC-ch"]
[Site "Tromsoe"]
[Date "2010.??.??"]
[Round "3"]
[White "Pedersen, Oyvind"]
[Black "Machlik, Edit"]
[Result "1-0"]
[WhiteElo "1960"]
[BlackElo "1240"]
[PlyCount "119"]
[EventDate "2010.09.09"]
[EventType "swiss"]
[EventRounds "9"]
[EventCountry "NOR"]
[SourceTitle "EXT 2024"]
[Source "ChessBase"]
[SourceDate "2023.10.10"]
[SourceVersion "1"]
[SourceVersionDate "2023.10.10"]
[SourceQuality "1"]

1. e4 e5 2. Nf3 Nc6 3. Bb5 a6 4. Ba4 Nf6 5. 0-0 d6 6. d3 Bg4 7. h3 Bh5 8. c3 Be7 9. Re1 0-0 10. Nbd2 b5 11. Bb3 Na5 12. Bc2 c6 13. Nf1 Qd7 14. Ng3 Bg6 15. d4 exd4 16. cxd4 Bd8 17. Nh4 Bb6 18. Bg5 Ne8 19. b3 Nc7 20. Rc1 Ne6 21. Be3 Rfd8 22. d5 Bxe3 23. dxe6 Bxf2+ 24. Kxf2 Qxe6 25. Nxg6 fxg6 26. Qd4 c5 27. Qd5 Rf8+ 28. Kg1 Qxd5 29. exd5 Rae8 30. Ne4 Nb7 31. Ng5 Nd8 32. Ne6 Nxe6 33. dxe6 Re7 34. Be4 Rf6 35. Rcd1 Kf8 36. Rxd6 Rfxe6 37. Rf1+ Rf6 38. Rd8+ Re8 39. Rxe8+ Kxe8 40. Rxf6 gxf6 41. Bb7 Kd7 42. Bxa6 Kc6 43. Kf2 Kb6 44. Bc8 Ka5 45. Ke3 Kb4 46. Bd7 f5 47. Kf4 c4 48. bxc4 bxc4 49. Be6 c3 50. Bb3 Kc5 51. Kg5 Kd4 52. Kh6 Ke3 53. a4 Kd4 54. a5 Kc5 55. a6 Kb6 56. Kxh7 Kxa6 57. Kxg6 f4 58. Kf5 Kb5 59. Kxf4 Kb4 60. Bc2 1-0

[Event "Tromsoe CC-ch"]
[Site "Tromsoe"]
[Date "2010.??.??"]
[Round "2"]
[White "Romsdal, Trond"]
[Black "Pedersen, Oyvind"]
[Result "1-0"]
[WhiteElo "2017"]
[BlackElo "1960"]
[PlyCount "74"]
[EventDate "2010.09.09"]
[EventType "swiss"]
[EventRounds "9"]
[EventCountry "NOR"]
[SourceTitle "EXT 2024"]
[Source "ChessBase"]
[SourceDate "2023.10.10"]
[SourceVersion "1"]
[SourceVersionDate "2023.10.10"]
[SourceQuality "1"]

1. c4 e5 2. Nc3 d6 3. g3 f5 4. Bg2 Nf6 5. e3 Be7 6. Nge2 0-0 7. 0-0 Na6 8. d3 Qe8 9. Rb1 c6 10. b4 Nc7 11. b5 Bd7 12. bxc6 Bxc6 13. e4 Rb8 14. Nd5 Ncxd5 15. exd5 Ba4 16. Qe1 Bc2 17. Rb3 Bxb3 18. axb3 b5 19. f4 bxc4 20. bxc4 Nd7 21. Be3 a6 22. Qa1 Qc8 23. Qa3 e4 24. Nd4 Qc5 25. Qxa6 Ra8 26. Qc6 Qxc6 27. Nxc6 Bf6 28. dxe4 Ra3 29. Bd2 Nc5 30. e5 Rd3 31. Bb4 Bd8 32. Bxc5 dxc5 33. Rb1 Ra3 34. d6 Ba5 35. Bd5+ Kh8 36. e6 Bc3 37. e7 Rg8 1-0

[Event "Tromsoe CC-ch"]
[Site "Tromsoe"]
[Date "2009.??.??"]
[Round "8"]
[White "Pedersen, Johnny Karl"]
[Black "Pedersen, Oyvind"]
[Result "0-1"]
[WhiteElo "1271"]
[BlackElo "1955"]
[PlyCount "92"]
[EventDate "2009.09.17"]
[EventType "swiss"]
[EventRounds "9"]
[EventCountry "NOR"]
[SourceTitle "EXT 2024"]
[Source "ChessBase"]
[SourceDate "2023.10.10"]
[SourceVersion "1"]
[SourceVersionDate "2023.10.10"]
[SourceQuality "1"]

1. e4 c5 2. Bc4 d6 3. Nc3 Nf6 4. Nge2 g6 5. d4 cxd4 6. Nxd4 Bg7 7. 0-0 0-0 8. h3 Nc6 9. Nxc6 bxc6 10. Qf3 Nd7 11. Qe3 Ne5 12. Bb3 c5 13. Bd5 Rb8 14. a3 Ba6 15. Rd1 Nc4 16. Bxc4 Bxc4 17. b3 Be6 18. Rb1 f5 19. Nd5 Rb7 20. Rd2 fxe4 21. Qxe4 Qd7 22. Re2 Be5 23. g4 Bxd5 24. Qxd5+ e6 25. Qe4 Qf7 26. Bh6 Re8 27. Qc6 Rb6 28. Qa4 Reb8 29. Qc4 Qf6 30. g5 Qf5 31. Kg2 R6b7 32. Rf1 Re8 33. f4 Rf7 34. Rxe5 dxe5 35. fxe5 Qxf1+ 36. Qxf1 Rxf1 37. Kxf1 Rd8 38. Ke2 Rd5 39. c4 Rxe5+ 40. Kd3 Rf5 41. Ke4 a5 42. h4 Kf7 43. Ke3 Rf1 44. Kd2 Rh1 45. h5 Rxh5 46. b4 axb4 0-1

[Event "Tromsoe CC-ch"]
[Site "Tromsoe"]
[Date "2009.??.??"]
[Round "4"]
[White "Pedersen, Oyvind"]
[Black "Joensen, John"]
[Result "0-1"]
[WhiteElo "1955"]
[BlackElo "1738"]
[PlyCount "126"]
[EventDate "2009.09.17"]
[EventType "swiss"]
[EventRounds "9"]
[EventCountry "NOR"]
[SourceTitle "EXT 2024"]
[Source "ChessBase"]
[SourceDate "2023.10.10"]
[SourceVersion "1"]
[SourceVersionDate "2023.10.10"]
[SourceQuality "1"]

1. e4 e5 2. Nf3 Nc6 3. Bb5 a6 4. Ba4 Nf6 5. 0-0 Be7 6. Bxc6 dxc6 7. Qe1 Bd6 8. d4 Nd7 9. Be3 0-0 10. Nc3 Re8 11. Rd1 Qe7 12. d5 c5 13. Ne2 Nf8 14. Ng3 g6 15. Bh6 Bd7 16. Qc3 f6 17. Qd2 c4 18. Nh4 b5 19. f4 exf4 20. Bxf4 Bxf4 21. Rxf4 g5 22. Rf2 gxh4 23. Nh5 f5 24. Qd4 Qe5 25. Nf6+ Kh8 26. Nxe8 Qxd4 27. Rxd4 Rxe8 28. exf5 Re1+ 29. Rf1 Rxf1+ 30. Kxf1 Kg7 31. Rf4 Kf6 32. Rxh4 Bxf5 33. c3 Nd7 34. Kf2 Ke5 35. Rh6 Nf6 36. h3 Bg6 37. Rh4 Nxd5 38. a3 c5 39. a4 Nf4 40. axb5 axb5 41. Rg4 Nd3+ 42. Ke3 Nxb2 43. h4 Na4 44. h5 Bd3 45. Rg5+ Kf6 46. Rd5 Ke6 47. Rg5 Nxc3 48. Rxc5 b4 49. Kd4 Ne2+ 50. Ke3 b3 51. Rb5 Ng3 52. Kd4 Nf5+ 53. Kc3 Nd6 54. Rb6 Kd5 55. Rb8 Bc2 56. Rd8 Kc5 57. g4 Nb5+ 58. Kb2 c3+ 59. Kc1 Nd4 60. Rc8+ Kb4 61. Rb8+ Kc4 62. Rc8+ Kd3 63. Rxc3+ Kxc3 0-1

[Event "Tromsoe CC-ch"]
[Site "Tromsoe"]
[Date "2008.09.02"]
[Round "1"]
[White "Joensen, John"]
[Black "Pedersen, Oyvind"]
[Result "0-1"]
[WhiteElo "1766"]
[BlackElo "1986"]
[PlyCount "81"]
[EventDate "2008.09.02"]
[EventType "swiss"]
[EventCountry "NOR"]
[SourceTitle "EXT 2024"]
[Source "ChessBase"]
[SourceDate "2023.10.10"]
[SourceVersion "1"]
[SourceVersionDate "2023.10.10"]
[SourceQuality "1"]

1. e4 e5 2. Nf3 Nc6 3. Bb5 a6 4. Ba4 Nf6 5. 0-0 Be7 6. Bxc6 dxc6 7. Qe1 Qd6 8. d4 Nd7 9. Be3 0-0 10. Nc3 f6 11. Rd1 Qe6 12. Qe2 b5 13. Nh4 exd4 14. Bxd4 b4 15. Nf5 Re8 16. Na4 Bf8 17. Ng3 c5 18. Be3 Bb7 19. f3 Bc6 20. b3 Bb5 21. Qd2 Bxf1 22. Qxd7 Qxd7 23. Rxd7 Bb5 24. Rxc7 c4 25. Nb6 cxb3 26. cxb3 Rad8 27. Nf5 Rd1+ 28. Kf2 Ra1 29. Rc2 g6 30. Nh6+ Kh8 31. Ng4 Rf1+ 32. Kg3 Bd6+ 33. Kh3 Kg7 34. Nd5 h5 35. Ngxf6 Re6 36. Bd4 Kf7 37. Nh7 Kg8 38. Ng5 Bd7 39. g4 hxg4+ 40. fxg4 Rf3+ 41. Nxf3 0-1

[Event "Tromsoe CC-ch"]
[Site "Tromsoe"]
[Date "2008.??.??"]
[Round "12"]
[White "Jessen, Simon Pind"]
[Black "Pedersen, Oyvind"]
[Result "0-1"]
[WhiteElo "1959"]
[BlackElo "1986"]
[PlyCount "120"]
[EventDate "2008.09.02"]
[EventType "swiss"]
[EventCountry "NOR"]
[SourceTitle "EXT 2024"]
[Source "ChessBase"]
[SourceDate "2023.10.10"]
[SourceVersion "1"]
[SourceVersionDate "2023.10.10"]
[SourceQuality "1"]

1. d4 Nf6 2. c4 c5 3. d5 b5 4. cxb5 a6 5. Nc3 axb5 6. Nxb5 Ba6 7. Nc3 g6 8. Nf3 Bg7 9. Nd2 0-0 10. e4 Bxf1 11. Nxf1 d6 12. Ne3 Nbd7 13. 0-0 Qa5 14. Qc2 Rfb8 15. Bd2 Ne8 16. Kh1 Nc7 17. f4 Nb5 18. Nc4 Nd4 19. Nxa5 Nxc2 20. Rac1 Rxb2 21. Nc4 Rb4 22. Nxd6 exd6 23. Rxc2 Rc4 24. Re1 Nb6 25. Rcc1 Bxc3 26. Bxc3 Rxa2 27. e5 dxe5 28. d6 e4 29. Ra1 Rxa1 30. Bxa1 Kf8 31. Kg1 f5 32. Be5 Rc2 33. Rb1 Nd7 34. Rb7 Ke8 35. Rc7 Rd2 36. Kf1 Rd5 37. Ke2 Kd8 38. Ra7 Nxe5 39. fxe5 Rxe5 40. Rxh7 Rd5 41. Rc7 Rxd6 42. Rxc5 Ke7 43. h4 Kf6 44. Ke3 g5 45. g4 Rd3+ 46. Ke2 gxh4 47. Rxf5+ Ke6 48. Rh5 h3 49. Kf2 Rf3+ 50. Ke2 Kf6 51. Ke1 Kg6 52. Ke2 Ra3 53. Kf2 Rf3+ 54. Ke2 Rg3 55. Kf2 Rg2+ 56. Ke3 h2 57. Rh8 Kg5 58. Kxe4 Kxg4 59. Ke3 Rg3+ 60. Kf2 Rh3 0-1

[Event "Tromsoe CC-ch"]
[Site "Tromsoe"]
[Date "2008.??.??"]
[Round "6"]
[White "Pedersen, Oyvind"]
[Black "Hanssen, Gunnar Berg"]
[Result "0-1"]
[WhiteElo "1986"]
[BlackElo "2190"]
[PlyCount "154"]
[EventDate "2008.09.02"]
[EventType "swiss"]
[EventCountry "NOR"]
[SourceTitle "EXT 2024"]
[Source "ChessBase"]
[SourceDate "2023.10.10"]
[SourceVersion "1"]
[SourceVersionDate "2023.10.10"]
[SourceQuality "1"]

1. e4 c6 2. c4 d5 3. cxd5 cxd5 4. exd5 Nf6 5. Bb5+ Nbd7 6. Nc3 a6 7. Qa4 Rb8 8. Bxd7+ Qxd7 9. Qf4 Ra8 10. Qe5 b5 11. Nf3 Bb7 12. 0-0 Nxd5 13. d4 e6 14. Ne4 f6 15. Qg3 Rc8 16. Bf4 Nxf4 17. Qxf4 Bxe4 18. Qxe4 Qd5 19. Qg4 Kf7 20. Rfe1 Bb4 21. Re2 Rhe8 22. a3 Ba5 23. b4 Bb6 24. h3 Rc4 25. Rd1 Kg8 26. Rde1 e5 27. Re4 Rc2 28. dxe5 Bxf2+ 29. Kh1 f5 30. Qxf5 Rf8 31. Qg4 Bxe1 32. Nxe1 Rc4 33. Rxc4 Rf1+ 34. Kh2 Qxe5+ 35. g3 bxc4 36. Qxc4+ Rf7 37. Qc8+ Rf8 38. Qc4+ Kh8 39. Ng2 h6 40. Qxa6 Qe4 41. Nf4 Rd8 42. Qf1 Qc2+ 43. Ng2 Kh7 44. h4 Rd2 45. Kh3 Rf2 46. Qg1 Qf5+ 47. Kh2 Rf1 48. Qd4 Qb1 49. Ne3 Rf2+ 50. Ng2 Qc2 51. Qd5 Rd2 52. Qf3 Qb1 53. Qb7 Rd1 54. Ne3 Re1 55. Qf3 Qd3 56. Qf5+ Qxf5 57. Nxf5 Ra1 58. b5 Rxa3 59. h5 Rb3 60. Nd6 Rd3 61. Nc4 Rd4 62. Ne3 Rb4 63. Kh3 Rxb5 64. Kh4 Kg8 65. Ng2 Kf7 66. Nf4 Kf6 67. Kg4 Rg5+ 68. Kf3 Ra5 69. Ke4 Ra4+ 70. Kf3 Kf5 71. g4+ Kg5 72. Ne6+ Kf6 73. Nf4 Ra3+ 74. Ke4 Rg3 75. Nd5+ Kg5 76. Ne3 Rxe3+ 77. Kxe3 Kxg4 0-1

[Event "Tromsoe CC-ch"]
[Site "Tromsoe"]
[Date "2008.??.??"]
[Round "11"]
[White "Pedersen, Oyvind"]
[Black "Jessen, Simon Pind"]
[Result "0-1"]
[WhiteElo "1986"]
[BlackElo "1959"]
[PlyCount "75"]
[EventDate "2008.09.02"]
[EventType "swiss"]
[EventCountry "NOR"]
[SourceTitle "EXT 2024"]
[Source "ChessBase"]
[SourceDate "2023.10.10"]
[SourceVersion "1"]
[SourceVersionDate "2023.10.10"]
[SourceQuality "1"]

1. e4 e5 2. Nf3 Nf6 3. d4 Nxe4 4. Bd3 Nc6 5. Nxe5 Nxe5 6. dxe5 Nc5 7. Bf4 Be7 8. Qg4 g5 9. Be3 Nxd3+ 10. cxd3 d5 11. Qa4+ Bd7 12. Qb3 d4 13. Bxd4 Bc6 14. Be3 Bxg2 15. Rg1 Bd5 16. Qc2 Qd7 17. Nc3 Bf3 18. Ne2 0-0-0 19. 0-0-0 Qe6 20. Bxg5 Qxe5 21. Bxe7 Qxe7 22. Rd2 Rd6 23. Nc3 Rg6 24. Rxg6 hxg6 25. Qa4 Rxh2 26. Qxa7 b6 27. Qa6+ Bb7 28. Qc4 Qe1+ 29. Nd1 Bf3 30. Qxf7 Rxf2 31. Qf8+ Kb7 32. Qb4 Bxd1 33. Rxf2 Qxb4 34. Kxd1 Qa4+ 35. b3 Qd4 36. Rd2 g5 37. Ke2 g4 38. Kf1 0-1

[Event "NOR-chT"]
[Site "Tromsoe"]
[Date "2007.05.28"]
[Round "6"]
[White "Pedersen, Oyvind"]
[Black "Pedersen, Audun"]
[Result "1/2-1/2"]
[WhiteElo "1940"]
[BlackElo "1754"]
[PlyCount "89"]
[EventDate "2007.05.25"]
[EventType "team-swiss"]
[EventRounds "6"]
[EventCountry "NOR"]
[SourceTitle "EXT 2010"]
[Source "ChessBase"]
[SourceDate "2010.11.25"]
[SourceVersion "1"]
[SourceVersionDate "2010.11.25"]
[SourceQuality "1"]

1. e4 e6 2. d4 d5 3. Nc3 Nf6 4. e5 Nfd7 5. Nce2 c5 6. c3 cxd4 7. cxd4 f6 8. exf6 Nxf6 9. Nf3 Nc6 10. Nf4 Qb6 11. Bd3 Bd6 12. 0-0 0-0 13. Qe2 Bxf4 14. Bxf4 Nxd4 15. Nxd4 Qxd4 16. Bd6 Rf7 17. Rac1 Bd7 18. Rfd1 Qg4 19. f3 Qd4+ 20. Kh1 Qb6 21. Bc7 Qb4 22. a3 Qe7 23. Ba5 Bc6 24. Re1 Re8 25. Qf2 e5 26. Qxa7 e4 27. fxe4 Nxe4 28. Rf1 Rxf1+ 29. Rxf1 Qh4 30. Kg1 Qg5 31. Qd4 Qe5 32. Qxe5 Rxe5 33. Bb4 Re8 34. b3 Nf6 35. Re1 Ne4 36. a4 Re6 37. a5 Rf6 38. Rf1 Kf7 39. Rxf6+ Kxf6 40. Kf1 Ke5 41. Bf8 g6 42. Ke2 Nc3+ 43. Kd2 Ne4+ 44. Kc2 Kd4 45. Bh6 1/2-1/2

[Event "NOR-chT"]
[Site "Tromsoe"]
[Date "2007.05.25"]
[Round "1"]
[White "Pedersen, Oyvind"]
[Black "Royset, Pal"]
[Result "0-1"]
[WhiteElo "1940"]
[BlackElo "2206"]
[PlyCount "110"]
[EventDate "2007.05.25"]
[EventType "team-swiss"]
[EventRounds "6"]
[EventCountry "NOR"]
[SourceTitle "EXT 2010"]
[Source "ChessBase"]
[SourceDate "2010.11.25"]
[SourceVersion "1"]
[SourceVersionDate "2010.11.25"]
[SourceQuality "1"]

1. e4 e5 2. Nf3 Nc6 3. Bb5 a6 4. Ba4 Nf6 5. 0-0 Be7 6. Bxc6 dxc6 7. Qe1 Nd7 8. b3 c5 9. Bb2 Bd6 10. d3 0-0 11. Nbd2 b5 12. Qe3 Qe7 13. Rfe1 Rb8 14. Nf1 f6 15. Ng3 g6 16. h4 Re8 17. h5 Nf8 18. hxg6 hxg6 19. a4 Ne6 20. Qh6 Qg7 21. Qxg7+ Kxg7 22. axb5 axb5 23. Ne2 Bd7 24. Ra7 Nd8 25. Bc3 Nc6 26. Ra6 Kf7 27. Nd2 Nd4 28. Nxd4 cxd4 29. Bb2 Bb4 30. Rd1 Ra8 31. Rxa8 Rxa8 32. f4 Ra2 33. Bc1 Ra1 34. Rf1 Rxc1 35. Rxc1 Bxd2 36. Ra1 exf4 37. Ra7 g5 38. Rxc7 Ke7 39. Kf2 Kd6 40. Rb7 b4 41. Ke2 Bc3 42. Kf3 Be8 43. Kg4 Bd7+ 44. Kf3 f5 45. Rb8 fxe4+ 46. dxe4 Ke5 47. Rb7 g4+ 48. Ke2 Be6 49. Kd3 g3 50. Rb5+ Kf6 51. Ke2 Bg4+ 52. Kf1 Ke6 53. Rg5 Bd1 54. Rf5 Bxc2 55. Rxf4 d3 0-1

[Event "Tromsoe Bymesterskap-A"]
[Site "Tromsoe"]
[Date "2007.01.16"]
[Round "1"]
[White "Pedersen, Oyvind"]
[Black "Romsdal, Trond"]
[Result "1/2-1/2"]
[WhiteElo "1950"]
[BlackElo "2111"]
[PlyCount "61"]
[EventDate "2007.01.16"]
[EventType "swiss"]
[EventRounds "7"]
[EventCountry "NOR"]
[SourceTitle "EXT 2010"]
[Source "ChessBase"]
[SourceDate "2010.11.25"]
[SourceVersion "1"]
[SourceVersionDate "2010.11.25"]
[SourceQuality "1"]

1. e4 d6 2. d4 Nf6 3. Nc3 g6 4. Bg5 Bg7 5. f4 0-0 6. Nf3 c6 7. Bd3 Bg4 8. 0-0 Qb6 9. Ne2 e5 10. fxe5 dxe5 11. Kh1 exd4 12. Nexd4 Nbd7 13. Qd2 Rae8 14. Qf4 c5 15. e5 Bxf3 16. exf6 Bxg2+ 17. Kxg2 Nxf6 18. Bxf6 cxd4 19. Bxg7 Kxg7 20. Rae1 Rxe1 21. Rxe1 Qxb2 22. Re7 Kg8 23. a4 Qb4 24. Rd7 Qxa4 25. Qxd4 Qc6+ 26. Qd5 Qc3 27. Rxb7 Qd2+ 28. Kg3 Qe1+ 29. Kg2 Qd2+ 30. Kg3 Qe1+ 31. Kg2 1/2-1/2